000 00627nam a2200121Ia 4500
008 220620s9999||||xx |||||||||||||| ||und||
100 _aMichalcyzk, John J.
245 0 _aFilming The End of the Holocaust
_bAllied Documentaries, Nuremberg and the Liberation of the Concentration Camps
546 _aEnglish[eng]
650 _aHistory||History||Germany||Nazism||Nuremberg trials||Soviet Union
856 _uhttps://library.oapen.org/bitstream/20.500.12657/29701/1/1000244.pdf||https://library.oapen.org/bitstream/20.500.12657/29701/1/1000244.pdf||https://library.oapen.org/bitstream/20.500.12657/29701/1/1000244.pdf
942 _cEB
999 _c24217
_d24217